[Event "St Petersburg Korchnoi Memorial op"]
[Site "St Petersburg"]
[Date "2024.08.22"]
[Round "9"]
[White "Reger, Valeriia"]
[Black "Plekhanov, Daniil"]
[Result "1/2-1/2"]
[WhiteElo "1977"]
[BlackElo "1657"]
[PlyCount "85"]
[EventDate "2024.08.17"]
[EventType "swiss"]
[EventRounds "9"]
[EventCountry "RUS"]
[SourceTitle "EXT 2025"]
[Source "ChessBase"]
[SourceDate "2024.10.14"]
[SourceVersion "1"]
[SourceVersionDate "2024.10.14"]
[SourceQuality "1"]

1. d4 d5 2. c4 e6 3. Nf3 Nf6 4. Bg5 Be7 5. cxd5 exd5 6. Nc3 c6 7. e3 0-0 8. Bd3 h6 9. Bh4 Nbd7 10. Qc2 Re8 11. 0-0 Nh5 12. Bxe7 Qxe7 13. Rfe1 Ndf6 14. e4 dxe4 15. Nxe4 Be6 16. Nc5 Nf4 17. Be4 N6d5 18. Qb3 b6 19. Nxe6 Nxe6 20. Bxd5 cxd5 21. Qxd5 Rad8 22. Qc4 Qf6 23. d5 Nf4 24. Rxe8+ Rxe8 25. Qc6 Qxc6 26. dxc6 Rc8 27. Nd4 Ne6 28. Nf5 Kf8 29. Rc1 Nc5 30. Rd1 Ne6 31. Rc1 Nc5 32. Nd4 Ne6 33. Nb5 a6 34. Nd6 Rc7 35. b4 Nd4 36. Re1 Ne6 37. Rc1 Nd4 38. Kf1 Rxc6 39. Rxc6 Nxc6 40. a3 b5 41. Ke2 Ke7 42. Nb7 Kf6 43. Nc5 1/2-1/2

[Event "St Petersburg Korchnoi Memorial op"]
[Site "St Petersburg"]
[Date "2024.08.18"]
[Round "3"]
[White "Arzhanova, Mariya"]
[Black "Plekhanov, Daniil"]
[Result "0-1"]
[WhiteElo "1495"]
[BlackElo "1657"]
[PlyCount "26"]
[EventDate "2024.08.17"]
[EventType "swiss"]
[EventRounds "9"]
[EventCountry "RUS"]
[SourceTitle "CBM 221 Extra"]
[Source "ChessBase"]
[SourceDate "2024.09.30"]
[SourceVersion "1"]
[SourceVersionDate "2024.09.30"]
[SourceQuality "1"]

1. e4 c6 2. d4 d5 3. exd5 cxd5 4. Bd3 Nc6 5. c3 Nf6 6. h3 g6 7. Nf3 Bg7 8. 0-0 Bf5 9. Bf4 0-0 10. Re1 Rc8 11. Qc2 Nb4 12. Qd2 Nxd3 13. Re3 Nxf4 0-1

[Event "St Petersburg Korchnoi Memorial op"]
[Site "St Petersburg"]
[Date "2024.08.18"]
[Round "4"]
[White "Plekhanov, Daniil"]
[Black "Pogorelov, Daniil A"]
[Result "1/2-1/2"]
[WhiteElo "1657"]
[BlackElo "1905"]
[PlyCount "105"]
[EventDate "2024.08.17"]
[EventType "swiss"]
[EventRounds "9"]
[EventCountry "RUS"]
[SourceTitle "CBM 221 Extra"]
[Source "ChessBase"]
[SourceDate "2024.09.30"]
[SourceVersion "1"]
[SourceVersionDate "2024.09.30"]
[SourceQuality "1"]

1. e4 c5 2. Nf3 Nc6 3. d4 cxd4 4. Nxd4 e6 5. Nc3 a6 6. Be3 Qc7 7. Qd2 b5 8. a4 b4 9. Nce2 Bb7 10. Nxc6 Bxc6 11. f3 Nf6 12. Nd4 Be7 13. Nxc6 Qxc6 14. Bd3 0-0 15. a5 d5 16. exd5 Qxd5 17. 0-0 Rfd8 18. Qf2 Qc6 19. Rfd1 e5 20. Kh1 Qe6 21. Bb6 Re8 22. Qe2 Nh5 23. Bxa6 Nf4 24. Qf1 Qg6 25. Bb7 Rab8 26. Be4 f5 27. Bd5+ Kh8 28. g3 Nxd5 29. Rxd5 e4 30. fxe4 fxe4 31. Qf5 Qc6 32. Qxe4 Bf6 33. Qg2 Bxb2 34. Rad1 Bf6 35. R5d2 Qc4 36. Qd5 Qc8 37. Qd7 Qc3 38. a6 Qf3+ 39. Kg1 Rg8 40. Bf2 h6 41. a7 Ra8 42. Qd5 Qa3 43. Qh5 Rgc8 44. Rd6 Qc3 45. Qg6 Qxc2 46. Qxc2 Rxc2 47. Rb6 Kh7 48. Rxb4 Rxf2 49. Kxf2 Rxa7 50. Re4 Ra2+ 51. Re2 Ra3 52. Re3 Ra2+ 53. Re2 1/2-1/2